Un endroit, un état des États-Unis - Statistiques

Statistiques générales
  • Ce quiz a été pris 116 fois
  • Le résultat moyen est 10 sur 50
Statistiques - réponses
Par images Hint Réponse % Correct
Central Park New York
100%
Golden Gate Californie
74%
Walt Disney World Resort Floride
73%
New York-New York Hotel & Casino Nevada
60%
Space Needle Washington
58%
Grand Canyon Arizona
57%
San Antonio River Walk Texas
55%
Rue Bourbon Louisiane
44%
Mauna Kea Hawaï
42%
Mont Rushmore Dakota du sud
40%
Le Denali Alaska
37%
Cloud Gate Illinois
37%
Grand Prismatic Spring Wyoming
31%
Le Pentagone Virginie
29%
Parc national des Canyonlands Utah
28%
Parc National des White Sands Nouveau Mexique
18%
Université de Yale Connecticut
17%
Gateway Arch Missouri
17%
Avalanche Lake Montana
16%
Liberty State Park New Jersey
14%
Painted Hills Oregon
13%
The Enchanted Highway Dakota du nord
10%
Black Canyon of the Guinnison Colorado
8%
Brown County State Park Indiana
8%
Mont Cadillac Maine
8%
Phare de Split Rock Minnesota
8%
Eastern State Penitentiary Pennsylvanie
8%
Mont Mitchell Caroline du nord
6%
Schweitzer Mountain Resort Idaho
6%
New River George Bridge Virginie-occidentale
6%
Rainbow Row Caroline du sud
5%
Mont Greylock Massachusetts
5%
Bond Falls Michigan
5%
Amicalola Falls State Park Géorgie
4%
Grotto of the Redemption Iowa
4%
Waverly Hills Sanatorium Kentucky
4%
Antietam National Battlefield Maryland
4%
Chimney Rock Nebraska
4%
Hocking Hills State Park Ohio
4%
Rosecliff Rhode Island
4%
Ruby Falls Tennessee
4%
Mont Mansfield Vermont
4%
Devil's Lake State Park Wisconsin
4%
Cheaha State Park Alabama
3%
Petit Jean State Park Arkansas
3%
Rockwood Manor Delaware
3%
Spencer Museum of Art Kansas
3%
Old Capitol Museum Mississippi
3%
Mont Washington New Hampshire
3%
Broken Bow Lake Oklahoma
3%
Aucun quiz correspondant
Distribution des résultats
% des personnes avec chaque résultat
Percentile par nombre de réponses
Votre historique - résultats
Vous n’avez pas pris ce quiz